Centroamérica y la política exterior de Cuba: una alternativa de paz frente a la agresión de Estados Unidos a Centroamérica

Sábháilte in:
Sonraí bibleagrafaíochta
Príomhchruthaitheoir: Iglesias García, Alfonso
Údar corparáideach: Instituto superior de relaciones internacionales. Cuba
Formáid: Téacs
Foilsithe / Cruthaithe: s.l.: ISRIC
Clibeanna: Cuir clib leis
Níl clibeanna ann, Bí ar an gcéad duine le clib a chur leis an taifead seo!

MARC

LEADER 00000 a a2200000 04500
001 23514
003
040
090 |a 163400  
100 |a Iglesias García, Alfonso  
110 |a Instituto superior de relaciones internacionales. Cuba  
245 |a Centroamérica y la política exterior de Cuba: una alternativa de paz frente a la agresión de Estados Unidos a Centroamérica  
260 |a s.l.:   |b ISRIC  
300 |a 44 p.   |b fonodiscos  
999 |c 10478  |d 10478